| 000 | 00730nam a22002297a 4500 | ||
|---|---|---|---|
| 999 |
_c18329 _d18329 |
||
| 003 | AR-CdUCM | ||
| 008 | 190511b ||||| |||| 00| 0 spa d | ||
| 020 | _a84-828-804-4 | ||
| 040 |
_aMUNICIPALIDAD PROVINCIAL DEL CUSCO _cBIBLIOTECA MUNICIPAL DEL CUSCO |
||
| 082 |
_a869.75 / _bU93 |
||
| 100 |
_aUslar Pietri, Arturo _916841 |
||
| 245 | _aLas lanzas coloradas / | ||
| 260 | _bOrganización continental de los festivales del libro / | ||
| 300 |
_a157 páginas ; _c18 cm. |
||
| 440 |
_aBiblioteca básica de literatura venezolana _938846 |
||
| 505 | _aContenido: Novela. | ||
| 650 |
_aLiteratura Venezolana _96294 |
||
| 650 |
_aNovela _9572 |
||
| 650 |
_aSiglo XX _98 |
||
| 942 |
_2ddc _cLIBROS |
||
| 945 |
_arjall _d2019-05-13 |
||